Vybrané kapitoly z nemeckej gramatiky

Gespeichert in:
Bibliographische Detailangaben
1. Verfasser: Huber, Gabriele
Format: Buch
Sprache:Slowakisch
Deutsch
Veröffentlicht: Bratislava Press a Press 1991
Ausgabe:1. vyd.
Tags: Tag hinzufügen
Keine Tags, Fügen Sie das erste Tag hinzu!

MARC

LEADER 00000nam a2200000 4500
001 c023427
005 20221214095224.1
041 0 |a slo 
041 0 |a ger 
044 |a SK 
245 1 0 |a Vybrané kapitoly z nemeckej gramatiky  |c Gabriele Huber 
250 |a 1. vyd. 
264 1 |a Bratislava  |b Press a Press  |c 1991 
300 |a 217 s. 
100 1 |a Huber, Gabriele